000 01159nam a22002057a 4500
999 _c63318
_d63318
005 20251125233102.0
008 s2553 th ||||| |||| 00| 0 tha d
020 _a9786167273266
040 _aNALT
090 _aKT 14 อ682ร 2553
245 1 0 _aรวมคำวินิจฉัยชี้ขาดอำนาจหน้าที่ระหว่างศาล พ.ศ. 2552
260 3 _aกรุงเทพฯ :
_bสำนักอำนวยการประจำศาลฎีกา,
_c2553
300 _a187 หน้า ;
_b 26 ซม.
610 _aสำนักอำนวยการประจำศาลฎีกา. ส่วนเลขานุการคณะกรรมการวินิจฉัยชี้ขาดอำนาจหน้าที่ระหว่างศาล
650 0 4 _aเขตอำนาจศาล -- คำวินิจฉัย
850 _aNALT
856 4 0 _uhttps://hdl.handle.net/20.500.14156/302141
_71
942 _cLB
_2lcc
_01
998 _j8
_k นายบัณฑิต อุทาวงค์